Statistics for Logos of games/game creators

Click here to take the quiz!

General Stats

  • This quiz has been taken 323 times
  • The average score is 10 of 15

Answer Stats

Answer% Correct
Minecraft
96%
Playstation
96%
Xbox
94%
Candy Crush
85%
Roblox
84%
Clash of Clans
70%
Sega
65%
Fortnite
62%
Overwatch
60%
Nintendo 64
58%
Mortal Combat
55%
Donkey Kong
52%
Ms Pac Man
40%
Gears of War
34%
Doom Eternal
26%

Score Distribution

Percentile by Number Answered

Percent of People with Each Score

Your Score History

You have not taken this quiz